000 00639nam a2200181Ia 4500
003 GCL
008 140319s9999 xx 000 0 ara d
040 _aGCL /
_cGCL
082 0 4 _a811.92
_bس ف
100 1 _aسلامة العباسى
245 1 0 _aفى سبيل الحرية: مسرجية تاريخية شعرية عن قصة الرئيس جمال عبدالناصر (هدية من الاديب عبدالفتاح الجمل) /
_cسلامة العباسى
300 _a185 ص
490 _a
650 0 4 _aالادب العربى
650 0 4 _aالشعر المسرحى
650 0 4 _aالشعر التمثيلى
942 _2ddc
_cBK
999 _c40545
_d40545